|
|
|
|
| LEADER |
01992nam a2200493 a 4500 |
| 001 |
nkc20092007621 |
| 003 |
CZ PrNK |
| 005 |
20100225134407.0 |
| 007 |
ta |
| 008 |
091022s2009 xr ach e 000 0 cze |
| 015 |
|
|
|a cnb002007621
|
| 020 |
|
|
|a 978-80-87338-02-5
|q (váz.)
|
| 035 |
|
|
|a (OCoLC)505914363
|
| 040 |
|
|
|a BOA001
|b cze
|
| 043 |
|
|
|a e-xr---
|b e-xr-pl
|2 czenas
|
| 072 |
|
7 |
|a 94(437)
|x Dějiny Česka a Slovenska
|2 Konspekt
|9 8
|
| 080 |
|
|
|a 94(437.317)
|2 MRF
|
| 080 |
|
|
|a (093)
|2 MRF
|
| 080 |
|
|
|a (082)
|2 MRF
|
| 100 |
1 |
|
|a Mazný, Petr,
|d 1963-
|7 jn20010310398
|4 aut
|
| 245 |
1 |
0 |
|a 100 zajímavostí ze staré Plzně III. /
|c Petr Mazný, Vladislav Krátký, David Růžička
|
| 246 |
3 |
|
|a Sto zajímavostí ze staré Plzně III.
|
| 250 |
|
|
|a Vyd. 1.
|
| 260 |
|
|
|a V Plzni :
|b Starý most,
|c 2009
|
| 300 |
|
|
|a 127 s. :
|b il. (některé barev.), portréty, faksim. ;
|c 23 cm
|
| 500 |
|
|
|a Vybráno z dobových novin, časopisů, knih a archivních pramenů
|
| 500 |
|
|
|a Připraveno ve spolupráci se Západočeským muzeem v Plzni a Archivem města Plzně
|
| 504 |
|
|
|a Obsahuje bibliografii a bibliografické odkazy
|
| 651 |
|
7 |
|a Plzeň (Česko)
|7 ge130439
|x dějiny
|2 czenas
|
| 651 |
|
9 |
|a Plzeň (Czechia)
|x history
|2 eczenas
|
| 655 |
|
7 |
|a prameny
|7 fd131865
|2 czenas
|
| 655 |
|
7 |
|a sborníky
|7 fd163935
|2 czenas
|
| 655 |
|
9 |
|a sources
|2 eczenas
|
| 655 |
|
9 |
|a miscellanea
|2 eczenas
|
| 700 |
1 |
|
|a Krátký, Vladislav,
|d 1929-2016
|7 jo2002106626
|4 aut
|
| 700 |
1 |
|
|a Růžička, David,
|d 1969-
|7 pna2005292387
|4 aut
|
| 710 |
2 |
|
|a Západočeské muzeum (Plzeň, Česko)
|7 kn20010709441
|
| 710 |
2 |
|
|a Archiv města Plzně
|7 ko2002102852
|
| 856 |
4 |
1 |
|u http://www.digitalniknihovna.cz/mzk/uuid/uuid:b5d01eb0-3458-11e5-8851-005056827e51
|y Digitalizovaný dokument
|x NDK
|
| 910 |
2 |
|
|a BOA001
|b 2-1234.534
|
| 990 |
|
|
|a BK
|
| 995 |
|
|
|a 01
|
| 991 |
|
|
|b 201001
|c NOV
|j 94(437.31) PLZ
|
| 996 |
6 |
|
|b 2610404797
|c 2-1234.534
|l MZK
|r Sklad / do 1 hodiny
|n 1
|p p.v.
|w 001101013
|u 000010
|a 1
|e BOA001
|j MZK50
|s P
|